[Event "Guernsey Holiday 2012"]
[Site "?"]
[Date "2012.10.22"]
[Round "2"]
[White "Beadle, John"]
[Black "Herschmann, Heinz"]
[Result "1/2-1/2"]
[WhiteElo "1688"]
[BlackElo "1360"]
[PlyCount "126"]
[EventDate "2012.10.21"]

1. e4 e5 2. Nf3 d6 3. Bc4 Be7 4. c3 Nf6 5. d3 O-O 6. O-O h6 7. Re1 c6 8. Nbd2
b5 9. Bb3 a5 10. a4 bxa4 11. Bxa4 Bd7 12. Nc4 Na6 13. Be3 c5 14. Bxd7 Nxd7 15.
Nxa5 Qc7 16. Qe2 Nab8 17. b4 Nc6 18. Nxc6 Qxc6 19. Rec1 Rxa1 20. Rxa1 Ra8 21.
Qb2 Rxa1+ 22. Qxa1 Qb7 23. bxc5 dxc5 24. h3 g5 25. Nd2 f6 26. d4 cxd4 27. cxd4
exd4 28. Qa2+ Kg7 29. Bxd4 Qc6 30. Qc4 Qxc4 31. Nxc4 Kf7 32. Ne3 Kg6 33. Nf5
Bf8 34. f3 Bb4 35. Kf2 h5 36. h4 Ne5 37. g3 Nc6 38. hxg5 fxg5 39. Ke3 Nxd4 40.
Kxd4 Kf6 41. Ne3 Ke6 42. Nf5 Kf6 43. Ke3 Bc5+ 44. Ke2 Bb6 45. Kf1 Bc7 46. Kg2
Bb8 47. Kh3 Bc7 48. g4 hxg4+ 49. Kxg4 Be5 50. Ne3 Kg6 51. Nc4 Bf4 52. Nb2 Bb8
53. Nd3 Bc7 54. Nf2 Bd8 55. Nd3 Bc7 56. Nc5 Bd6 57. Nd3 Be7 58. Ne5+ Kf6 59.
Nc6 Bd6 60. e5+ Bxe5 61. Nxe5 Kxe5 62. Kxg5 Ke6 63. Kg6 Ke7 1/2-1/2

[Event "Guernsey Holiday 2012"]
[Site "?"]
[Date "2012.10.22"]
[Round "2"]
[White "Van Beek, Ronald"]
[Black "Vonhoff, Joerg"]
[Result "0-1"]
[WhiteElo "1365"]
[BlackElo "1658"]
[PlyCount "72"]
[EventDate "2012.10.21"]

1. d4 Nf6 2. Nf3 g6 3. Bf4 Bg7 4. e3 O-O 5. h3 b6 6. Be2 Bb7 7. O-O d6 8. Nbd2
c5 9. dxc5 dxc5 10. c3 Nc6 11. Bh2 Qc8 12. Qc2 a6 13. Nc4 Nd7 14. a4 b5 15.
axb5 axb5 16. Ncd2 c4 17. Nd4 Bxd4 18. exd4 e5 19. dxe5 Ndxe5 20. Nf3 Nd7 21.
Rad1 Nc5 22. Bd6 Nb3 23. Bxf8 Qxf8 24. Rd7 Bc8 25. Rdd1 Bf5 26. Bd3 Bxd3 27.
Rxd3 cxd3 28. Qxb3 Qc5 29. Qd1 Rd8 30. Nd2 Ne5 31. Re1 Nc4 32. b3 Na3 33. Qc1
Nc2 34. Ne4 d2 35. Nxc5 dxe1=Q+ 36. Qxe1 Nxe1 0-1

[Event "Guernsey Holiday 2012"]
[Site "?"]
[Date "2012.10.22"]
[Round "2"]
[White "Kaye, Mike"]
[Black "Hunt, Ray"]
[Result "0-1"]
[WhiteElo "1360"]
[BlackElo "1632"]
[PlyCount "108"]
[EventDate "2012.10.21"]

1. d4 d5 2. Nf3 e6 3. e3 Nf6 4. Bd3 Nbd7 5. O-O Be7 6. Nbd2 a6 7. Qe2 O-O 8. e4
dxe4 9. Nxe4 Nxe4 10. Bxe4 Nf6 11. Bd3 c6 12. c3 g6 13. Bh6 Re8 14. Rad1 Bf8
15. Bg5 h6 16. Bc1 Nh7 17. Qc2 f5 18. Rfe1 Qf6 19. Re3 Ng5 20. Nxg5 hxg5 21.
Rde1 Bd6 22. g3 b5 23. Qe2 Ra7 24. Qd2 Rh7 25. R3e2 g4 26. Qg5 Qxg5 27. Bxg5
Kf7 28. Bf4 Bxf4 29. gxf4 Reh8 30. f3 gxf3 31. Rf2 Rh4 32. Rxf3 Rxh2 33. Bf1
Rxb2 34. Re2 Rxe2 35. Bxe2 Rh4 36. Rf2 Bb7 37. Rh2 Rxh2 38. Kxh2 Kf6 39. Kg3 g5
40. a3 g4 41. Kh4 Ke7 42. Bf1 Kd6 43. Bg2 Bc8 44. Kg3 c5 45. dxc5+ Kxc5 46. Bf1
Bb7 47. Be2 Bd5 48. Bf1 Bc4 49. Bg2 Be2 50. Kf2 Bd3 51. Bb7 a5 52. Ba6 Kc4 53.
a4 Kc5 54. Ke3 Bc4 0-1

[Event "Guernsey Holiday 2012"]
[Site "?"]
[Date "2012.10.22"]
[Round "2"]
[White "Gibzinski, Stanislaw"]
[Black "Bakkes, Frits"]
[Result "0-1"]
[WhiteElo "1237"]
[BlackElo "1619"]
[PlyCount "74"]
[EventDate "2012.10.21"]

1. c4 e5 2. g3 Nf6 3. Bg2 c6 4. d4 Bb4+ 5. Bd2 Bxd2+ 6. Qxd2 exd4 7. Qxd4 O-O
8. Nf3 Na6 9. O-O d5 10. Nc3 Nb4 11. Rac1 dxc4 12. Qxc4 Qe7 13. a3 Na6 14. Ng5
h6 15. Nge4 Be6 16. Nxf6+ Qxf6 17. Ne4 Qxb2 18. Qd3 Rad8 19. Qe3 Ba2 20. Qxa7
Ra8 21. Qe3 Rfe8 22. Qd2 Qxd2 23. Nxd2 Rxe2 24. Ne4 Bd5 25. Nd6 Bxg2 26. Kxg2
Rb2 27. Rfe1 Nc7 28. Re7 Rd8 29. Nxf7 Rdd2 30. Rxc7 Rxf2+ 31. Kh3 h5 32. Rh1
Rxf7 33. Rxf7 Kxf7 34. Rf1+ Kg6 35. Rf4 c5 36. Rc4 b6 37. a4 Rb4 0-1

[Event "Guernsey Holiday 2012"]
[Site "?"]
[Date "2012.10.22"]
[Round "2"]
[White "Wood, Stuart"]
[Black "Hamann, Marcus"]
[Result "1-0"]
[WhiteElo "1456"]
[BlackElo "1756"]
[PlyCount "119"]
[EventDate "2012.10.21"]

1. d4 d5 2. Bg5 Nd7 3. e3 Ngf6 4. Bxf6 Nxf6 5. Bd3 c6 6. f4 e6 7. Nf3 Bd6 8.
O-O O-O 9. Ne5 c5 10. c3 Nd7 11. Qh5 f5 12. Nxd7 Bxd7 13. g4 g6 14. Qh6 Rf7 15.
g5 Qb6 16. Rf2 Qc7 17. Nd2 Raf8 18. Nf3 Qb6 19. Ne5 Bxe5 20. fxe5 Bb5 21. Bxb5
Qxb5 22. Qh4 cxd4 23. exd4 Qd3 24. Qf4 b5 25. Rf3 Qe4 26. Kg2 b4 27. Qd2 f4 28.
Qd3 bxc3 29. bxc3 Rb8 30. Raf1 Rb2+ 31. R1f2 Rxf2+ 32. Kxf2 h6 33. gxh6 g5 34.
Qa6 Qg6 35. h7+ Rxh7 36. Qc8+ Kg7 37. Qd7+ Qf7 38. Qxf7+ Kxf7 39. Kg2 Kg6 40.
c4 dxc4 41. Rc3 Rc7 42. Kf3 Kf5 43. h3 Rh7 44. Kg2 Ke4 45. Rxc4 Rd7 46. Rc6
Rxd4 47. Rxe6 Rd2+ 48. Kf1 Kf3 49. Rd6 Rxa2 50. Rd1 Rh2 51. Kg1 Rxh3 52. Rd3+
Ke4 53. Rxh3 Kxe5 54. Kf2 Kf5 55. Ra3 Kg4 56. Rxa7 Kf5 57. Ra5+ Kg4 58. Rd5 Kh4
59. Kf3 Kh3 60. Rxg5 1-0

[Event "Guernsey Holiday 2012"]
[Site "?"]
[Date "2012.10.22"]
[Round "2"]
[White "Newrick, William R"]
[Black "Savident, David"]
[Result "0-1"]
[WhiteElo "1440"]
[BlackElo "1701"]
[PlyCount "76"]
[EventDate "2012.10.21"]

1. d4 d5 2. c4 c6 3. e3 Nf6 4. Nc3 g6 5. Nf3 Bg7 6. cxd5 Nxd5 7. Bc4 O-O 8. O-O
Bg4 9. h3 Bxf3 10. Qxf3 e6 11. Rd1 Nd7 12. e4 Nxc3 13. bxc3 Qa5 14. Bf4 Nb6 15.
Bb3 Qa3 16. Bc1 Qe7 17. a4 Rfd8 18. Ba3 Qf6 19. Qxf6 Bxf6 20. a5 Nc8 21. e5 Be7
22. Bc1 a6 23. Be3 Bf8 24. Bg5 Be7 25. Bh6 Bf8 26. Bg5 Rd7 27. Bf6 Be7 28. Bxe7
Nxe7 29. Bc4 Nd5 30. Bxd5 cxd5 31. Rab1 Rc8 32. Rdc1 Rc4 33. Ra1 Rdc7 34. Ra3
Rxd4 35. cxd4 Rxc1+ 36. Kh2 Rc4 37. Rb3 Rxd4 38. Rxb7 Ra4 0-1

[Event "Guernsey Holiday 2012"]
[Site "?"]
[Date "2012.10.22"]
[Round "2"]
[White "Kershaw, Graham J"]
[Black "Bennett, David"]
[Result "1-0"]
[WhiteElo "1696"]
[BlackElo "1400"]
[PlyCount "77"]
[EventDate "2012.10.21"]

1. e4 e6 2. d4 c5 3. c3 cxd4 4. cxd4 Nf6 5. e5 Bb4+ 6. Bd2 Bxd2+ 7. Nxd2 Nd5 8.
Bc4 Qa5 9. Ngf3 O-O 10. O-O Nc6 11. Nb3 Qd8 12. Rc1 Nce7 13. Bd3 Ng6 14. Bb1 b6
15. Nbd2 Bb7 16. Ne4 Nb4 17. g3 Nd5 18. Nd6 Bc6 19. h4 Nc7 20. h5 Ne7 21. Qd3
g6 22. Ne4 Bxe4 23. Qxe4 f5 24. exf6 Rxf6 25. hxg6 Nxg6 26. Qg4 Nd5 27. Ne5
Nde7 28. Qg5 Kg7 29. Kg2 Rc8 30. Rh1 Nf5 31. Rxc8 Qxc8 32. g4 Qb8 33. f3 Nfh4+
34. Rxh4 d6 35. Bxg6 Rxg6 36. Nxg6 hxg6 37. Qh6+ Kf6 38. g5+ Kf5 39. Qg7 1-0

[Event "Guernsey Holiday 2012"]
[Site "?"]
[Date "2012.10.22"]
[Round "2"]
[White "Derrick, Neil"]
[Black "Kerr, Matthew"]
[Result "1-0"]
[WhiteElo "1656"]
[BlackElo "1300"]
[PlyCount "65"]
[EventDate "2012.10.21"]

1. d4 e6 2. c4 c6 3. Nc3 Bb4 4. Nf3 Nf6 5. Qc2 d5 6. Nd2 O-O 7. e3 Bxc3 8. bxc3
dxc4 9. Bxc4 b5 10. Bd3 g6 11. Nf3 Nd5 12. e4 Nb6 13. O-O Kg7 14. e5 f5 15.
exf6+ Qxf6 16. Bg5 Qxf3 17. gxf3 Rxf3 18. Qe2 Rf7 19. Qe5+ Kg8 20. Bh6 Nd5 21.
Qg3 Ne7 22. Qd6 Nd7 23. Qxe6 Nf8 24. Qd6 Nf5 25. Bxf5 Bxf5 26. Qxc6 Rb8 27.
Rfe1 Bd7 28. Qd5 Re8 29. Rxe8 Bxe8 30. Re1 Bd7 31. Re7 Be6 32. Rxe6 Rd7 33.
Rxg6+ 1-0

[Event "Guernsey Holiday 2012"]
[Site "?"]
[Date "2012.10.22"]
[Round "2"]
[White "Nalichowski, Bogdan"]
[Black "Brown, Jim"]
[Result "1-0"]
[WhiteElo "1611"]
[BlackElo "1224"]
[PlyCount "55"]
[EventDate "2012.10.21"]

1. e4 c6 2. Nc3 d6 3. Bc4 e6 4. d4 Nd7 5. d5 cxd5 6. exd5 e5 7. Bb5 Ngf6 8.
Nge2 Be7 9. Ng3 a6 10. Bd3 Nc5 11. Bf5 O-O 12. h4 h6 13. Be3 b6 14. Qf3 Bxf5
15. Nxf5 h5 16. Bg5 e4 17. Qe2 g6 18. Nxe7+ Qxe7 19. O-O-O Kg7 20. Qe3 Rh8 21.
Rhe1 Qe8 22. Bf4 Qe7 23. Qg3 Rad8 24. b4 Ncd7 25. Bxd6 Qe8 26. Rd4 Rc8 27. Nxe4
Nxe4 28. Rdxe4 1-0

[Event "Guernsey Holiday 2012"]
[Site "?"]
[Date "2012.10.22"]
[Round "2"]
[White "Gunn, Mike"]
[Black "Davidson, Laura"]
[Result "1-0"]
[WhiteElo "1584"]
[BlackElo "912"]
[PlyCount "51"]
[EventDate "2012.10.21"]

1. c4 c6 2. d4 d5 3. cxd5 cxd5 4. Nc3 Nf6 5. Nf3 Nc6 6. Bf4 Bg4 7. e3 Qb6 8.
Rb1 e6 9. Be2 a6 10. O-O Be7 11. h3 Bf5 12. Na4 Qd8 13. Rc1 Nh5 14. Bh2 b5 15.
Rxc6 bxa4 16. Qxa4 O-O 17. g4 Bxg4 18. hxg4 Nf6 19. Ne5 Rc8 20. Rfc1 Bd6 21.
Rxc8 Qb6 22. Rxf8+ Bxf8 23. Qc2 Ne4 24. Qc7 Qxb2 25. Qxf7+ Kh8 26. Qxf8# 1-0

[Event "Guernsey Holiday 2012"]
[Site "?"]
[Date "2012.10.22"]
[Round "2"]
[White "Le Maitre, Richard"]
[Black "Dokter, Marike"]
[Result "0-1"]
[WhiteElo "1378"]
[BlackElo "1568"]
[PlyCount "60"]
[EventDate "2012.10.21"]

1. d4 d5 2. c4 c6 3. Nc3 Nf6 4. Nf3 Bg4 5. e3 e6 6. c5 b6 7. b4 b5 8. Be2 Nbd7
9. O-O Be7 10. a4 a6 11. a5 O-O 12. Qc2 Bf5 13. Bd3 Bxd3 14. Qxd3 h6 15. Re1
Qc7 16. e4 dxe4 17. Nxe4 Rad8 18. Qe3 Nxe4 19. Qxe4 Nf6 20. Qe3 Nd5 21. Qb3 Bf6
22. Bb2 Nf4 23. Rad1 Rd5 24. Ne5 Rfd8 25. Re4 Bxe5 26. Rxe5 Qxe5 27. Qf3 Ne2+
28. Kh1 Nxd4 29. Bxd4 Rxd4 30. Rxd4 Qe1# 0-1

[Event "Guernsey Holiday 2012"]
[Site "?"]
[Date "2012.10.23"]
[Round "3"]
[White "Perrin, Jonathan"]
[Black "Baart, Edwin"]
[Result "1-0"]
[WhiteElo "1736"]
[BlackElo "1684"]
[PlyCount "51"]
[EventDate "2012.10.21"]

1. e4 e5 2. f4 Bc5 3. Nf3 d6 4. c3 Nf6 5. d4 exd4 6. cxd4 Bb6 7. Nc3 O-O 8. Be2
d5 9. e5 Ne4 10. Be3 f5 11. exf6 Nxf6 12. Ne5 Bf5 13. O-O Nbd7 14. Qb3 c6 15.
Na4 Be4 16. Rad1 Qc7 17. Kh1 Rae8 18. Bf2 Kh8 19. Bh4 Re6 20. Qh3 Ree8 21. Nc3
Rd8 22. Nxe4 dxe4 23. Ng6+ Kg8 24. Bc4+ Nd5 25. Qe6+ Rf7 26. Ne7+ 1-0

[Event "Guernsey Holiday 2012"]
[Site "?"]
[Date "2012.10.23"]
[Round "3"]
[White "Foster, Paul"]
[Black "Rowe, Oliver"]
[Result "1-0"]
[WhiteElo "1688"]
[BlackElo "1394"]
[PlyCount "43"]
[EventDate "2012.10.21"]

1. e4 d5 2. exd5 Qxd5 3. Nc3 Qd6 4. Bc4 e6 5. d4 Nf6 6. Nge2 a6 7. O-O b5 8.
Bf4 Qc6 9. Bd3 Bb7 10. d5 exd5 11. Nd4 Qd7 12. Bf5 Qd8 13. Qe2+ Be7 14. Rfe1 c5
15. Ncxb5 cxd4 16. Bc7 O-O 17. Bxd8 Bxd8 18. Nxd4 Bb6 19. Qd3 g6 20. Re7 Ra7
21. Bh3 Bxd4 22. Qxd4 1-0

[Event "Guernsey Holiday 2012"]
[Site "?"]
[Date "2012.10.23"]
[Round "3"]
[White "Hunt, Ray"]
[Black "Hoogakker, Peter"]
[Result "1/2-1/2"]
[WhiteElo "1632"]
[BlackElo "1730"]
[PlyCount "68"]
[EventDate "2012.10.21"]

1. Nf3 Nf6 2. b3 d6 3. Bb2 e5 4. e3 Be7 5. d3 Nc6 6. a3 O-O 7. Be2 h6 8. Nbd2
Bf5 9. O-O Nd7 10. c4 Bf6 11. e4 Bh7 12. h3 Nc5 13. Nh2 Ne6 14. Ng4 Bg5 15. Ne3
Ncd4 16. Nf3 Nxf3+ 17. Bxf3 c6 18. Nf5 Bf6 19. Ra2 Qc7 20. Bc1 Rad8 21. Be3 Bg5
22. Bxg5 Nxg5 23. Bg4 Ne6 24. b4 Bxf5 25. Bxf5 Nd4 26. Bg4 f5 27. exf5 Nxf5 28.
Re2 {(=)} Nd4 29. Re3 Rf6 30. b5 cxb5 31. cxb5 Qc2 32. a4 Rdf8 33. Qxc2 Nxc2
34. Rf3 Nb4 1/2-1/2

[Event "Guernsey Holiday 2012"]
[Site "?"]
[Date "2012.10.23"]
[Round "3"]
[White "Van Hoek, Wim"]
[Black "Bakkes, Frits"]
[Result "1-0"]
[WhiteElo "1721"]
[BlackElo "1619"]
[PlyCount "146"]
[EventDate "2012.10.21"]

1. f4 d5 2. Nf3 c5 3. e3 Nf6 4. d3 Nc6 5. Be2 Bg4 6. O-O e6 7. b3 Be7 8. Bb2
O-O 9. Nbd2 b5 10. Ne5 Bxe2 11. Qxe2 Rc8 12. Ndf3 a5 13. a4 bxa4 14. Rxa4 Ne8
15. Rfa1 Nd6 16. Nxc6 Rxc6 17. Rxa5 c4 18. bxc4 dxc4 19. Ne5 cxd3 20. cxd3 Rc8
21. Ra6 Qe8 22. Qf3 Qb5 23. Qe2 Bf6 24. Rxd6 Qb3 25. Rc1 Bxe5 26. fxe5 Rxc1+
27. Bxc1 Rc8 28. Bd2 h6 29. Ra6 Qb2 30. Kf2 Rc2 31. Ke1 Qb1+ 32. Qd1 Qb3 33.
Ra8+ Kh7 34. Ra1 Qxd3 35. Rc1 Rb2 36. Rc3 Qd5 37. Qe2 Qxe5 38. Qd3+ g6 39. g3
h5 40. Rb3 Ra2 41. Bc3 Qc7 42. Qd4 Kh6 43. Qg7+ Kg5 44. Rb5+ Kg4 45. Qd4+ Kh3
46. Qh4+ Kg2 47. Rb2+ Rxb2 48. Bxb2 Qc2 49. Qd4 Kxh2 50. Qh4+ {(=)} Kg2 51. Bd4
Qc1+ 52. Ke2 Qc2+ 53. Ke1 Qf2+ 54. Kd1 Qxg3 55. Qe7 Qf3+ 56. Kd2 Qf2+ 57. Kd3
h4 58. Qb7+ Qf3 59. Qb2+ Kg1 60. Kc4 Qf1+ 61. Kc5 Qg2 62. e4+ Kh2 63. Be5+ Kh1
64. Qb4 Qg5 65. Kd6 Qd8+ 66. Kc5 Qe7+ 67. Bd6 Qa7+ 68. Kc6 Qa6+ 69. Kd7 Qf1 70.
e5 h3 71. Qe4+ Kh2 72. Qc2+ Kh1 73. Bf8 Qg1 {Remaining moves illegible, 1-0,
88.} 1-0

[Event "Guernsey Holiday 2012"]
[Site "?"]
[Date "2012.10.23"]
[Round "3"]
[White "Borland, Tom"]
[Black "Haisma, Henk"]
[Result "1/2-1/2"]
[WhiteElo "1695"]
[BlackElo "1632"]
[PlyCount "35"]
[EventDate "2012.10.21"]

1. d4 d5 2. Nf3 Nf6 3. Bf4 c5 4. e3 e6 5. c3 Qb6 6. Qb3 c4 7. Qc2 Bd6 8. Bxd6
Qxd6 9. Nbd2 Nc6 10. g3 b5 11. Bg2 O-O 12. O-O Rb8 13. e4 dxe4 14. Nxe4 Nxe4
15. Qxe4 Bb7 16. Rad1 Ne7 17. Qe5 Qxe5 18. Nxe5 1/2-1/2

[Event "Guernsey Holiday 2012"]
[Site "?"]
[Date "2012.10.23"]
[Round "3"]
[White "Vonhoff, Joerg"]
[Black "Naldrett, Geoff W"]
[Result "1/2-1/2"]
[WhiteElo "1658"]
[BlackElo "1616"]
[PlyCount "72"]
[EventDate "2012.10.21"]

1. e4 e5 2. f4 d6 3. Nf3 Nc6 4. h3 Be7 5. Bc4 Bh4+ 6. Kf1 Bg3 7. Ng5 Nh6 8. d3
exf4 9. Qh5 Ne5 10. Bb3 Qf6 11. Nc3 c6 12. Nf3 Qg6 13. Qxg6 hxg6 14. Nd4 Ng8
15. Nce2 Nf6 16. Bxf4 Bxf4 17. Nxf4 Nh5 18. Nxh5 gxh5 19. Ke2 Ke7 20. Rhf1 Be6
21. Nf5+ Bxf5 22. Rxf5 g6 23. Rf4 Raf8 24. Raf1 f6 25. d4 Nd7 26. Ke3 Rh7 27.
c3 Rg7 28. Bd1 a6 29. g4 hxg4 30. Bxg4 Nb6 31. b3 Rgg8 32. c4 Na8 33. a4 Nc7
34. d5 c5 35. Kd3 a5 36. Ke3 b6 1/2-1/2

[Event "Guernsey Holiday 2012"]
[Site "?"]
[Date "2012.10.23"]
[Round "3"]
[White "Jones, Sid A"]
[Black "Collins, Alan"]
[Result "0-1"]
[WhiteElo "1448"]
[BlackElo "1744"]
[PlyCount "58"]
[EventDate "2012.10.21"]

1. d4 f5 2. g3 Nf6 3. Nf3 d6 4. Nc3 g6 5. Bg2 Bg7 6. Bg5 Nbd7 7. O-O O-O 8.
Bxf6 Nxf6 9. Re1 c6 10. e4 fxe4 11. Nxe4 Nxe4 12. Rxe4 Bf5 13. Re2 Bg4 14. Qd3
e5 15. h3 Bxf3 16. Bxf3 Qb6 17. c3 Kh8 18. Kg2 Rf7 19. b3 Raf8 20. Bg4 exd4 21.
c4 Qa5 22. f4 Qc3 23. Rd1 Qxd3 24. Rxd3 b5 25. cxb5 cxb5 26. Re6 Rc7 27. Kf3 h5
28. Rxg6 hxg4+ 29. Rxg4 Rc3 0-1

[Event "Guernsey Holiday 2012"]
[Site "?"]
[Date "2012.10.23"]
[Round "3"]
[White "Joyeux, Gerard"]
[Black "Pemberton, Clive"]
[Result "0-1"]
[WhiteElo "1601"]
[BlackElo "1704"]
[PlyCount "71"]
[EventDate "2012.10.21"]

1. d4 Nf6 2. Nc3 e6 3. e4 Bb4 4. Bg5 h6 5. Bxf6 Qxf6 6. Qd3 c5 7. Nf3 Nc6 8. e5
Qe7 9. O-O-O Bxc3 10. Qxc3 cxd4 11. Nxd4 Qg5+ 12. Kb1 Qxe5 13. f4 Qf6 14. Bb5
O-O 15. Qe3 a6 16. Be2 Nxd4 17. Rxd4 d5 18. g4 Bd7 19. h4 Qg6 20. h5 Qh7 21.
Bd3 f5 22. c4 Rae8 23. cxd5 exd5 24. Qg1 Bb5 25. Bxb5 axb5 26. g5 hxg5 27. fxg5
f4+ 28. g6 Qh6 29. Rxd5 f3 30. Qd1 Qe3 31. Rd2 f2 32. Rf1 Qe1 33. Kc2 Rc8+ 34.
Kb1 Qe4+ 35. Ka1 Rfe8 36. h6 $138 0-1

[Event "Guernsey Holiday 2012"]
[Site "?"]
[Date "2012.10.23"]
[Round "3"]
[White "Savident, David"]
[Black "Gunn, Mike"]
[Result "1-0"]
[WhiteElo "1701"]
[BlackElo "1584"]
[PlyCount "109"]
[EventDate "2012.10.21"]

1. e4 e6 2. b3 d5 3. Bb2 dxe4 4. Nc3 Nf6 5. g4 e3 6. fxe3 Bd7 7. Bg2 Bc6 8. Qe2
Bxg2 9. Qxg2 Nc6 10. g5 Nd5 11. Nxd5 Qxd5 12. Qxd5 exd5 13. O-O-O Rg8 14. Rf1
Be7 15. h4 h6 16. Nf3 f6 17. gxf6 Bxf6 18. h5 Bxb2+ 19. Kxb2 g5 20. hxg6 Rxg6
21. Nh4 Re6 22. Nf5 O-O-O 23. Rxh6 Rxh6 24. Nxh6 Rh8 25. Nf5 Rh2 26. Kc3 a5 27.
a3 b6 28. Rf4 Rh3 29. Nd4 Nxd4 30. Kxd4 Rh2 31. Kc3 Kd7 32. Rf6 Rh4 33. b4 Rc4+
34. Kb3 a4+ 35. Kb2 b5 36. d4 Ke7 37. Rh6 Kd7 38. c3 Ke7 39. Kc2 Kd7 40. Kd3
Ke7 41. Rh5 Kd6 42. Re5 Rc6 43. Rh5 Rc4 44. Re5 Rc6 45. e4 dxe4+ 46. Rxe4 Kd7
47. Re5 Rb6 48. Rh5 c6 49. Rh8 Kd6 50. Ke4 Ke6 51. Rh6+ Kd7 52. Ke5 Kc7 53.
Rh7+ Kc8 54. Kd6 c5+ 55. Kxc5 1-0

[Event "Guernsey Holiday 2012"]
[Site "?"]
[Date "2012.10.23"]
[Round "3"]
[White "Kok, Franciscus"]
[Black "Kershaw, Graham J"]
[Result "0-1"]
[WhiteElo "1565"]
[BlackElo "1696"]
[PlyCount "59"]
[EventDate "2012.10.21"]

1. e4 e6 2. d4 d5 3. e5 c5 4. f4 Nc6 5. Bb5 Qb6 6. Bxc6+ bxc6 7. c3 cxd4 8.
cxd4 Bb4+ 9. Nc3 c5 10. Be3 Ne7 11. Nge2 Nf5 12. Bf2 cxd4 13. Nxd4 Bc5 14. Nce2
Qa5+ 15. Qd2 Bb4 16. Nc3 Nxd4 17. Bxd4 Ba6 18. Kf2 Bc5 19. Qe3 Rc8 20. Bxc5
Rxc5 21. a3 Qc7 22. Rhc1 O-O 23. Nxd5 Rc2+ 24. Kf3 Bb7 25. Rxc2 Bxd5+ 26. Kg3
Qxc2 27. Qf2 Qxf2+ 28. Kxf2 Rc8 29. b4 Rc2+ 30. Ke3 0-1

[Event "Guernsey Holiday 2012"]
[Site "?"]
[Date "2012.10.23"]
[Round "3"]
[White "Harnden, Terry"]
[Black "Beadle, John"]
[Result "1/2-1/2"]
[WhiteElo "1535"]
[BlackElo "1688"]
[PlyCount "37"]
[EventDate "2012.10.21"]

1. e4 c6 2. d4 d5 3. Nc3 dxe4 4. Nxe4 Bf5 5. Ng3 Bg6 6. Nf3 Nd7 7. Bc4 Ngf6 8.
O-O e6 9. c3 Be7 10. Bb3 O-O 11. Re1 Rc8 12. Bc2 Bxc2 13. Qxc2 Qc7 14. Bg5 h6
15. Bxf6 Nxf6 16. Ne5 Rfd8 17. Ne4 Rd5 18. Nxf6+ Bxf6 19. Ng4 1/2-1/2

[Event "Guernsey Holiday 2012"]
[Site "?"]
[Date "2012.10.23"]
[Round "3"]
[White "Herschmann, Heinz"]
[Black "Derrick, Neil"]
[Result "0-1"]
[WhiteElo "1360"]
[BlackElo "1656"]
[PlyCount "84"]
[EventDate "2012.10.21"]

1. e4 c5 2. Nf3 d6 3. c3 Nf6 4. d3 e6 5. Be2 Be7 6. O-O O-O 7. Bg5 Nc6 8. h3
Qc7 9. Bf4 h6 10. Nbd2 e5 11. Bh2 b5 12. b3 Bb7 13. Qc2 Rac8 14. Rfc1 Qd7 15.
Nf1 Bd8 16. Kh1 Bc7 17. Ng1 d5 18. Bf3 dxe4 19. dxe4 Rfd8 20. Rd1 Qe7 21. Rxd8+
Rxd8 22. Rd1 b4 23. Rxd8+ Bxd8 24. c4 Nd4 25. Qd3 Bc7 26. Nd2 Nd7 27. Ne2 f6
28. Nxd4 cxd4 29. Be2 Nc5 30. Qc2 Qd8 31. Bd3 Qe8 32. f3 Qg6 33. Nf1 Qg5 34.
Be2 a5 35. Kg1 Bb6 36. Kh1 Qg6 37. Bd3 Bc6 38. Kg1 Ne6 39. Qe2 Nc5 40. Kh1 Qg5
41. Nd2 Qe3 42. Qxe3 dxe3 0-1

[Event "Guernsey Holiday 2012"]
[Site "?"]
[Date "2012.10.23"]
[Round "3"]
[White "Van Nijen, Peter"]
[Black "Goman, Colin"]
[Result "1-0"]
[WhiteElo "1678"]
[BlackElo "1584"]
[PlyCount "77"]
[EventDate "2012.10.21"]

1. e4 c5 2. d4 cxd4 3. c3 e6 4. cxd4 Nf6 5. Bd3 Nc6 6. Nf3 d5 7. e5 Ne4 8. O-O
h6 9. Nbd2 Nxd2 10. Bxd2 Qb6 11. Bc3 Bd7 12. a3 Be7 13. Qd2 a6 14. b4 Qa7 15.
a4 Bd8 16. b5 Ne7 17. g4 Bc7 18. Rfb1 O-O 19. Bb4 Rfe8 20. g5 hxg5 21. Bxe7
Rxe7 22. Qxg5 f6 23. Qg6 Rf7 24. Qh7+ Kf8 25. Bg6 Bb6 26. Bxf7 Kxf7 27. exf6
Kxf6 28. Qh4+ Kf7 29. Ne5+ Kg8 30. Nxd7 Bxd4 31. b6 Bxb6 32. Rxb6 Rc8 33. Rxe6
b5 34. Qe7 Qd4 35. Ra3 Rc1+ 36. Kg2 Qg4+ 37. Rg3 Rg1+ 38. Kxg1 Qd1+ 39. Kg2 1-0

[Event "Guernsey Holiday 2012"]
[Site "?"]
[Date "2012.10.23"]
[Round "3"]
[White "Jongerius, Marc"]
[Black "Nalichowski, Bogdan"]
[Result "0-1"]
[WhiteElo "1674"]
[BlackElo "1611"]
[PlyCount "118"]
[EventDate "2012.10.21"]

1. e4 d5 2. exd5 Nf6 3. c4 c6 4. Nf3 Bg4 5. Be2 cxd5 6. Ne5 Bxe2 7. Qxe2 e6 8.
d4 Bb4+ 9. Bd2 Bxd2+ 10. Nxd2 Qb6 11. Nb3 a5 12. c5 Qb4+ 13. Qd2 Nc6 14. Nxc6
bxc6 15. Qxb4 axb4 16. O-O O-O 17. a3 Ra4 18. Rfd1 Rb8 19. Rdb1 g5 20. f3 h5
21. Kf2 Nd7 22. Ke3 e5 23. dxe5 Nxe5 24. Nd4 Nc4+ 25. Kd3 Ne5+ 26. Ke3 b3 27.
Rd1 Nc4+ 28. Kf2 Nxb2 29. Rd2 Nc4 30. Rd3 Nxa3 31. Nxb3 Rbb4 32. Nd4 Rxd4 33.
Rxd4 Rxd4 34. Rxa3 Rc4 35. Ra5 Kg7 36. g3 Kf6 37. h3 Ke5 38. Ke3 d4+ 39. Kd3
Rc3+ 40. Ke2 Kd5 41. Ra7 Re3+ 42. Kf2 f6 43. Rh7 Re6 44. h4 gxh4 45. Rxh5+ Kc4
46. Rxh4 Kc3 47. Rh1 Kd2 48. Ra1 Re2+ 49. Kf1 d3 50. f4 Ke3 51. f5 Rf2+ 52. Kg1
Rxf5 53. Re1+ Kd2 54. Ra1 Ke2 55. Ra4 Re5 56. Rf4 d2 57. Rf2+ Kd1 58. Rxf6 Kc2
59. Rf2 Kc1 0-1

[Event "Guernsey Holiday 2012"]
[Site "?"]
[Date "2012.10.23"]
[Round "3"]
[White "Gallagher, Daniel"]
[Black "Ruigrok, Jacques"]
[Result "1-0"]
[WhiteElo "1144"]
[BlackElo "1666"]
[PlyCount "29"]
[EventDate "2012.10.21"]

1. e4 e5 2. Nc3 Bc5 3. Bc4 Nf6 4. d3 h6 5. f4 Bxg1 6. Rxg1 d6 7. f5 c6 8. Qf3
Nbd7 9. Be3 Nb6 10. Bb3 d5 11. Bc5 a5 12. a4 d4 13. Qg3 Nbd7 14. Qxg7 Rh7 15.
Bxf7# 1-0

[Event "Guernsey Holiday 2012"]
[Site "?"]
[Date "2012.10.23"]
[Round "3"]
[White "Finch, Russell"]
[Black "Wood, Stuart"]
[Result "1-0"]
[WhiteElo "1600"]
[BlackElo "1456"]
[PlyCount "77"]
[EventDate "2012.10.21"]

1. d4 d5 2. e3 e6 3. Bd3 Bd6 4. c3 f5 5. Qh5+ g6 6. Qe2 Nf6 7. Nd2 Nbd7 8. Ngf3
Ne4 9. O-O Ndf6 10. Ne5 Bxe5 11. dxe5 Nxd2 12. Bxd2 Ng4 13. f4 h5 14. Rf3 Bd7
15. h3 Nh6 16. Rg3 Rg8 17. Be1 Nf7 18. Qxh5 Qe7 19. Rxg6 Rh8 20. Qf3 O-O-O 21.
a4 Bc6 22. Bb5 Bxb5 23. axb5 Qe8 24. Rg7 Rd7 25. Rg3 Kb8 26. Qe2 b6 27. b3 Nd8
28. b4 Nb7 29. Qa2 Na5 30. bxa5 Rg8 31. Rxg8 Qxg8 32. axb6 cxb6 33. Bf2 Rg7 34.
Bh4 Qh7 35. Bg5 Rc7 36. Qa3 Qd7 37. Qd6 Qxd6 38. exd6 Rd7 39. Be7 1-0

[Event "Guernsey Holiday 2012"]
[Site "?"]
[Date "2012.10.23"]
[Round "3"]
[White "Kaye, Mike"]
[Black "Bateman, Kerry"]
[Result "1/2-1/2"]
[WhiteElo "1360"]
[BlackElo "1676"]
[PlyCount "98"]
[EventDate "2012.10.21"]

1. d4 Nf6 2. Nf3 g6 3. Nbd2 Bg7 4. e3 d6 5. Bc4 O-O 6. a3 Be6 7. Bxe6 fxe6 8.
c3 Nc6 9. b4 a6 10. Bb2 Kh8 11. Qc2 Nd5 12. O-O-O b5 13. h4 h5 14. Qxg6 Qe8 15.
Qxe6 Qf7 16. Qe4 Qf5 17. Rh3 Qxe4 18. Nxe4 a5 19. Nfg5 Bh6 20. Rf3 Rxf3 21.
gxf3 Kg8 22. f4 axb4 23. cxb4 Kf8 24. Rg1 Ncxb4 25. axb4 Nxb4 26. Kd2 Ra2 27.
Kc3 Nd5+ 28. Kb3 Ra7 29. Rc1 Ke8 30. Nc3 Nf6 31. Kb4 Kd7 32. d5 Bxg5 33. fxg5
Ng4 34. Ra1 Rb7 35. Ne4 Rb8 36. g6 Nh6 37. Ng3 e6 38. Nxh5 exd5 39. Rg1 c5+ 40.
Kb3 Rf8 41. g7 Rxf2 42. g8=Q Nxg8 43. Rxg8 c4+ 44. Ka3 b4+ 45. Kxb4 Rxb2+ 46.
Kc3 Rb3+ 47. Kd2 Rb2+ 48. Kc3 Rb3+ 49. Kd2 Rb2+ 1/2-1/2

[Event "Guernsey Holiday 2012"]
[Site "?"]
[Date "2012.10.23"]
[Round "3"]
[White "Gibzinski, Stanislaw"]
[Black "Van Beek, Ronald"]
[Result "1/2-1/2"]
[WhiteElo "1237"]
[BlackElo "1365"]
[PlyCount "43"]
[EventDate "2012.10.21"]

1. c4 Nf6 2. g3 e6 3. Bg2 d5 4. Nf3 Be7 5. O-O O-O 6. Qc2 b6 7. b3 Ba6 8. d3
Bb7 9. Ne5 Nbd7 10. Bb2 Nxe5 11. Bxe5 Bd6 12. Qb2 Bxe5 13. Qxe5 c5 14. d4 cxd4
15. Qxd4 Rc8 16. Nc3 Qd7 17. e4 dxe4 18. Qxd7 Nxd7 19. Nxe4 Bxe4 20. Bxe4 Nf6
21. Bg2 Rfd8 22. Rad1 1/2-1/2